000 00617nam a2200157 4500
999 _c60624
_d60624
005 20230925101703.0
008 230925s1960 enk||||| |||| 00| 0 eng d
041 _aeng
080 _a902 M-39
100 _aMattingly, Harold
_919899
245 _aRoman Coins From the Earliest Times to the Fall of the Western Empire
_c Harold Mattingly.
264 _aLondon,
_c1960.
300 _a303 p.:
_bill.;
_c22 cm.
653 _aრომაული მონეტები უძველესი დროიდან დასავლეთის იმპერიის დაცემამდე
942 _2udc
_cBK